Tile Select-languages - Statistics

General Stats
  • This quiz has been taken 14 times
  • The average score is 69 of 90
Answer Stats
Question Tile Select % Correct
Slavic Languages Czech Yes
100%
Slavic Languages Finnish No
100%
Slavic Languages Serbo-Croatian Yes
100%
Niger-Congo Languages Afrikaans No
92%
Niger-Congo Languages Arabic No
92%
Romance Languages Corsican Yes
92%
Slavic Languages Hungarian No
92%
Romance Languages Hungarian No
92%
Niger-Congo Languages Igbo Yes
92%
Slavic Languages Montenegrin Yes
92%
Romance Languages Romansh Yes
92%
Slavic Languages Russian Yes
92%
Romance Languages Turkish No
92%
Turkic Languages Turkmen Yes
92%
Austronesian Languages Vietnamese No
92%
Niger-Congo Languages Yoruba Yes
92%
Slavic Languages Albanian No
85%
Romance Languages Albanian No
85%
Niger-Congo Languages Amharic No
85%
Niger-Congo Languages Berber No
85%
Romance Languages Catalan Yes
85%
Germanic Languages Dutch Yes
85%
Germanic Languages English Yes
85%
Uralic Languages Finnish Yes
85%
Germanic Languages Finnish No
85%
Turkic Languages Georgian No
85%
Romance Languages Greek No
85%
Uralic Languages Hungarian Yes
85%
Germanic Languages Icelandic Yes
85%
Austronesian Languages Javanese Yes
85%
Sino-Tibetan Languages Kashmiri No
85%
Austronesian Languages Khmer No
85%
Turkic Languages Kyrgyz Yes
85%
Turkic Languages Mongolian No
85%
Germanic Languages Norwegian Yes
85%
Iranian Languages Pashto Yes
85%
Iranian Languages Persian Yes
85%
Germanic Languages Polish No
85%
Slavic Languages Romanian No
85%
Romance Languages Romanian Yes
85%
Germanic Languages Romansh No
85%
Uralic Languages Swedish No
85%
Austronesian Languages Thai No
85%
Sino-Tibetan Languages Tibetan Yes
85%
Iranian Languages Arabic No
77%
Aryan Languages Burmese No
77%
Uralic Languages Estonian Yes
77%
Germanic Languages Faroese Yes
77%
Germanic Languages French No
77%
Niger-Congo Languages Fula Yes
77%
Iranian Languages Hindi No
77%
Aryan Languages Hindi Yes
77%
Sino-Tibetan Languages Korean No
77%
Uralic Languages Latvian No
77%
Uralic Languages Lithuanian No
77%
Iranian Languages Neapli No
77%
Aryan Languages Punjabi Yes
77%
Uralic Languages Russian No
77%
Turkic Languages Uyghur Yes
77%
Sino-Tibetan Languages Uyghur No
77%
Turkic Languages Armenian No
69%
Turkic Languages Azeri Yes
69%
Iranian Languages Bengali No
69%
Sino-Tibetan Languages Cantonese Yes
69%
Uralic Languages Karelian Yes
69%
Aryan Languages Kashmiri Yes
69%
Niger-Congo Languages Lingala Yes
69%
Austronesian Languages Malagasy Yes
69%
Austronesian Languages Malay Yes
69%
Romance Languages Maltese No
69%
Sino-Tibetan Languages Mandarin Yes
69%
Sino-Tibetan Languages Mongolian No
69%
Aryan Languages Nepali Yes
69%
Uralic Languages Sámi Yes
69%
Aryan Languages Dzongkha No
62%
Austronesian Languages Fijian Yes
62%
Turkic Languages Kurdish No
62%
Aryan Languages Kurku No
62%
Slavic Languages Lithuanian No
62%
Aryan Languages Tamil No
62%
Iranian Languages Kurdish Yes
54%
Austronesian Languages Tagalog Yes
54%
Iranian Languages Urdu No
54%
Aryan Languages Bengali Yes
46%
Sino-Tibetan Languages Dzongkha Yes
46%
Niger-Congo Languages Swahili Yes
46%
Turkic Languages Tartar Yes
46%
Austronesian Languages Tok Pisin No
46%
Sino-Tibetan Languages Burmese Yes
38%
Iranian Languages Ossetian Yes
38%
No matching quizzes found
Score Distribution
Percent of People with Each Score
Percentile by Number Answered
Your Score History
You have not taken this quiz